My Chemical Romance: I Brought You My Bullets, You Brought Me Your Lov - Statistics

General Stats
  • This quiz has been taken 116 times
  • The average score is 10 of 11
Answer Stats
Hint Answer % Correct
2 Honey, This Mirror Isn't Big Enough for the Two of Us
96%
11 Demolition Lovers
95%
1 Romance
95%
3 Vampires Will Never Hurt You
94%
6 Headfirst for Halos
90%
7 Skylines and Turnstiles
88%
10 Cubicles
87%
8 Early Sunsets Over Monroeville
87%
5 Our Lady of Sorrows
86%
9 This Is the Best Day Ever
85%
4 Drowning Lessons
83%
No matching quizzes found
Score Distribution
Percent of People with Each Score
Percentile by Number Answered
Your Score History
You have not taken this quiz